| 000 | 00644nam a22001577a 4500 | ||
|---|---|---|---|
| 003 | OSt | ||
| 005 | 20151019152537.0 | ||
| 008 | 151019b xxu||||| |||| 00| 0 eng d | ||
| 040 | _cRUA | ||
| 082 | _aAVM NOU 2009 B087 Or.1 | ||
| 100 |
_92470 _aNOUN, PROHORSNY. |
||
| 245 | _aSurvey on small scale holder of pig raising in tramkok distict takeo province, ការអង្កេតលើការចិញ្ចឹមជ្រូកជាលក្ខណៈគ្រូសារនៅស្រុកត្រាំកក់ ខេត្តតាកែវ | ||
| 260 |
_aPhnom Penh _bRUA _c2009 |
||
| 300 |
_ax; 47p. _bill. _c29cm. |
||
| 942 |
_2ddc _cAVM |
||
| 999 |
_c2325 _d2325 |
||